Quizzes
Events
Quiz Creation
Community
Videos
Private Events
Remove Ads
Sign In
Join for FREE
Feedback
Dark Mode
Quiz Categories
Sports
Geography
Music
Movies
Television
Just For Fun
Miscellaneous
History
Literature
Language
Science
Gaming
Entertainment
Religion
Holiday
For Kids
Quiz Lab
Recent
Popular Today
Quiz Kudos Today
Editor Picks
Curator Picks
Quizzes by...
Day
Popularity
Type
Ratings
Length
Year
Community
Subscriptions
Recent Discussions
Orange Saloon
Badges
Playlists
Quests
Create
Leaderboards
Showdown
Live 5
Trivia Bingo
Activity
Puzzle Library
Sporcle Events
Private Events
Virtual Trivia
Globe League
Become a Host
Pub Owners
SporcleCon
Opinionation
Our Games
Videos
Blog
Mobile Apps
Partnerships
Remove Ads and Go Orange
Feedback
Geography
Country
Landmarks
City
State
Population
World
Capital
Continent
Flags
Europe
Africa
Asia
South America
North America
Oceania
Border
Canada
United Kingdom
Topography
United States
Geography
Country
Landmarks
City
State
Population
World
Capital
Continent
Flags
Europe
Africa
Asia
South America
North America
Oceania
Border
Canada
United Kingdom
Topography
United States
Random Quiz
Search Sporcle
×
Quiz Lab
Quiz Lab
Geography
State
Type in answers that appear in a list
Type in answers that appear in a list
Classic
Best Score? Go Orange.
Country & US State Comparative Area Stats
Can you name the U.S. states of comparitive land area to these countries?
By
SWert
12m
41 Questions
318 Plays
318 Plays
318 Plays
Comments
Comments
Give Quiz Kudos
Give Quiz Kudos
-
- Ratings
hide this ad
Forced Order
Answers have to be entered in order
Answers have to be entered in order
Random Order
Randomize order of answers
Randomize order of answers
Replay
Link that replays current quiz
Next Quiz
Link to next quiz in quiz playlist
You Got
0%
They Got
Avg Score
32%
Avg Friend Score
Upgrade to see
Score Distribution
Jump to the score distribution portion of the page
Score
0/41
Timer
12:00
0
Plays Today
Country
State
% Correct
France
Texas
69.8%
Iran
Alaska
66.7%
Luxembourg
Rhode Island
58.5%
Japan
California
56.6%
Germany
Montana
53.1%
Kosovo
Delaware
44%
Israel
New Jersey
42.8%
Italy
Arizona
42.1%
Jamaica
Connecticut
39.9%
United Kingdom
Oregon
37.7%
Vietnam
New Mexico
37.4%
Macedonia
Vermont
35.5%
Djibouti
New Hampshire
35.2%
Kuwait
Hawaii
34.9%
Belize
Massachusetts
34.9%
New Zealand
Colorado
34.6%
Liechtenstein
Washington DC
32.7%
Oman
Kansas
30.5%
Belgium
Maryland
29.9%
United Arab Emirates
Maine
28.9%
Guyana
Idaho
28.3%
Country
State
% Correct
Guatemala
Ohio
27.7%
Senegal
Nebraska/South Dakota
27.4%
Ecuador
Nevada/Wyoming
26.1%
Bangladesh
Florida/Illinois/Iowa/Wisconsin
26.1%
Honduras
Louisiana/Tennessee
25.5%
Uruguay
Washington
25.2%
Nicaragua
New York/North Carolina
25.2%
Syria
North Dakota
24.8%
Czech Republic
South Carolina
24.2%
Belarus
Minnesota
23.9%
Ireland
West Virginia
23.9%
Iceland
Kentucky/Virginia
23.6%
Tunisia
Georgia
23%
Portugal
Indiana
23%
North Korea
Mississippi
22.3%
Laos
Utah
21.4%
Cambodia
Missouri/Oklahoma
21.1%
Cuba
Pennsylvania
20.8%
Greece
Alabama/Arkansas
20.4%
Nepal
Michigan
16.4%
Quiz Playlist
Details
Report
Send in Message
Add To Playlist
Classic:
Type in answers that appear in a list
Forced Order:
Answers have to be entered in order
Random Order:
Randomize order of answers
Quiz Source
Last Updated: Feb 16, 2017
Quiz Scoreboard
CHALLENGE
Sign Up to Join the Scoreboard
Show All
Scores
Hide
Comments
May contain spoilers
Recently Published
Movies - When Are They Set?
by FPL_Elf
Movies
5m
Popular People in 1961
by mucciniale
History
6m
1-10 Letter E Words III
by El_Dandy
Language
2m
More to Explore
Quiz From the Vault
Featured Blog Post
Where Did the Easter Bunny Come From?
hide this ad
You Might Also Like...
Tags
Country Quiz
State Quiz
Approx
area
Comparative
Comparitive
land
Today's Top Quizzes in Geography
Browse Geography
hide this ad
Today's Top Quizzes in State
Browse State
Top Contributed Quizzes in Geography
1
Countries of the World - No Outlines Minefield
2
Top 25 Cities of France on a map
3
Closest Countries to UK A-Z
4
African Flag Reveal XLV
5
Blind Ultimate Minefield: USA
6
One Thing in Common: United Kingdom
7
Blind Secret Country CLXXXVIII
8
One Thing in Common: Asia
9
Find the US States - No Outlines
10
One Thing in Common: Geography
Explore More
Trending Topics
Kpop
Harry Potter
NBA
Crossword
Marvel
Disney
Anime
NFL
The Office
Song
WWE
Pokémon
Soccer
Country
Puzzle
hide this ad
More By:
SWert
Quiz
Plays
Rating
Category
Featured
Created
Countries: Longest Perimeter
219,152
4.45
Geography
Oct 21, 2009
Longest Total Land Borders
162,971
4.66
Geography
Oct 21, 2009
Countries: Relative Perimeters
910
4.28
Geography
Oct 22, 2009
CONCACAF Nations
417
4.20
Sports
Oct 6, 2009
Country & US State Comparative Area
318
4.20
Geography
Oct 28, 2009
Go to Creator's Profile
Score Distribution
Quiz Creator Spotlight
SWert
Follow
Send a Message
Quizzes Created
-
Created Quiz Play Count
-
More By This Creator
Popular Quizzes Today
1
Find the US States - No Outlines Minefield
2
Find the Countries of Europe - No Outlines Minefield
3
The Countries of the World
4
Popular People in 1961
5
1-10 Letter E Words III
6
US States
7
Find the US States
8
One Thing in Common: World Cities II
More Geography Quizzes
Florida Cities (1830-2010)
Published
Trending Quizzes
Risky Map Clicking: Least Populous States A-Z
1-10 Letter F Words
Humor Books: The Subtitles
1-10 Letter G Words
One Thing in Common: United Kingdom
Recently Updated
Leaping Animals
pecheneg
Reality TV Shows (A-Z)
bhenderson79
Rickey Henderson's Hall of Fame Teammates
pecheneg
Champions League XIs: Arsenal
pecheneg
Quick Pick: Celebrities in WWE's Hall of Fame
aduchscher
A-Z Keypad Blitz II
pecheneg
Multiple Oscar Actors
pecheneg
Mystery Phrase Blitz: Oscar 'Best Actors'
pecheneg
F. Scott Fitzgerald Novels
LTH
Pick 3 Villains
ddd62291
Trending Topics
NBA
Marvel
Kpop
Harry Potter
Crossword
Disney
Anime
Puzzle
Soccer
Song
WWE
NFL
Country
The Office
Pokémon
Your Account Isn't Verified!
In order to create a playlist on Sporcle, you need to verify the email address you used during registration. Go to your
Sporcle Settings
to finish the process.
Report this User
Report this user for behavior that violates our
Community Guidelines
.
Details:
Send Report
Go to the Sporcle.com Mobile Site →
Comments